00629 2200229 4500001002100000005001500021035002000036007000300056008004100059020002200100082001000122084001600132100001500148245010400163250001000267260003000277300003000307650001700337700002300354990001100377990001100388INLIS00000000000430520191023113501 a0010-1019000157ta191023 g 0 ind  a978-979-055-619-5 a741.5 a741.5 KOK a0 aKOKO, Nata1 aAngkan 123 Pertamaku :bPintar dan terampil Menguasai angka /cKoko nata, Editor, saitri lusiana D. acet.1 aBandung :bImagioo,c2015 a44 hlm. :bilus. ;c25 cm 4aGAMBAR.KOMIK0 aSAITRI, Lusiana D. a7072 a a7072 b